[Event "27.Bayer.Senioren-EM2015"]
[Site ""]
[Date "2015.06.15"]
[Round "5.8"]
[White "Zschorsch, Peter"]
[Black "Straub, Peter"]
[Result "0-1"]
[WhiteElo "1772"]
[BlackElo "1965"]
[PlyCount "114"]
[EventDate "2015.??.??"]
[WhiteTeam "Karlsruher SF"]
[BlackTeam "SK Mering"]

1. e4 c5 2. d4 cxd4 3. c3 Nf6 4. e5 Nd5 5. Qxd4 e6 6. Nf3 Nc6 7. Qe4 f5 8. exf6
Nxf6 9. Qc2 Be7 10. Bg5 O-O 11. Bd3 h6 12. h4 e5 13. Bb5 e4 14. Bxc6 dxc6 15.
Qb3+ Qd5 16. Bxf6 exf3 17. Qxd5+ cxd5 18. Bxe7 fxg2 19. Rg1 Re8 20. f3 Rxe7+
21. Kf2 Bf5 22. Rxg2 Rae8 23. Na3 Re2+ 24. Kg3 Rxg2+ 25. Kxg2 Re2+ 26. Kg3 Rxb2
27. Kf4 Be6 28. Rb1 Rxa2 29. Nb5 b6 30. Nd4 Bf7 31. Ke5 Ra3 32. Nb5 Ra4 33. Rb4
Ra1 34. Rf4 Re1+ 35. Kd6 Re3 36. Nxa7 Rxc3 37. Nc6 Bh5 38. Ne7+ Kh7 39. Nxd5
Rxf3 40. Rxf3 Bxf3 41. Nxb6 Kg6 42. Nc4 Kh5 43. Ne5 Be4 44. Nd7 Kxh4 45. Ke5
Bc2 46. Kf4 g5+ 47. Kf3 Kh3 48. Kf2 g4 49. Kg1 h5 50. Nf6 h4 51. Nh5 g3 52.
Nf4+ Kg4 53. Ng2 Be4 54. Ne3+ Kf3 55. Nf1 h3 56. Nh2+ gxh2+ 57. Kxh2 Kg4 0-1

[Event "27.Bayer.Senioren-EM2015"]
[Site ""]
[Date "2015.06.15"]
[Round "5.9"]
[White "Bilyavskyy, Borys"]
[Black "Selig, Rainer"]
[Result "1/2-1/2"]
[WhiteElo "1807"]
[BlackElo "2007"]
[PlyCount "65"]
[EventDate "2015.??.??"]
[WhiteTeam "FC Ergolding"]
[BlackTeam "SpV Ebersbach/SA"]

1. d4 f5 2. Nf3 g6 3. e3 Nf6 4. c4 Bg7 5. Bd3 d6 6. Nc3 O-O 7. O-O c6 8. Bd2
Nbd7 9. Ng5 Nb6 10. Nf3 Re8 11. Be2 e5 12. dxe5 dxe5 13. Qc2 e4 14. Nd4 Qe7 15.
Na4 Be6 16. Nxe6 Qxe6 17. Nxb6 axb6 18. Bc3 c5 19. a3 Rad8 20. Rad1 g5 21. Rxd8
Rxd8 22. Rd1 Rd6 23. Rxd6 Qxd6 24. Qd1 Qxd1+ 25. Bxd1 Nd7 26. Ba4 Nb8 27. Bxg7
Kxg7 28. Kf1 Kf6 29. Ke2 Nc6 30. Bxc6 bxc6 31. a4 Ke5 32. g3 h5 33. Kd2 1/2-1/2

[Event "27.Bayer.Senioren-EM2015"]
[Site ""]
[Date "2015.06.15"]
[Round "5.10"]
[White "Blodig, Reinhard"]
[Black "Koenigl, Anton"]
[Result "1-0"]
[WhiteElo "1999"]
[BlackElo "1767"]
[PlyCount "65"]
[EventDate "2015.??.??"]
[WhiteTeam "TV Riedenburg"]
[BlackTeam "FC Ergolding"]

1. g3 e6 2. Bg2 d5 3. c4 c6 4. Qc2 Nf6 5. Nf3 Bd6 6. O-O Nbd7 7. d4 O-O 8. Rd1
Qe7 9. Nc3 Re8 10. e4 dxe4 11. Ng5 h6 12. Ngxe4 Nxe4 13. Nxe4 Nf6 14. Nxd6 Qxd6
15. Bf4 Qe7 16. Re1 Rd8 17. Rad1 g5 18. Bc1 Bd7 19. h4 Nh7 20. Be4 Nf8 21. Qe2
f6 22. hxg5 hxg5 23. f4 Nh7 24. Kg2 Qg7 25. Bxh7+ Qxh7 26. Rh1 Qg7 27. fxg5 f5
28. Bf4 c5 29. Be5 Qxg5 30. Rh5 Qg4 31. Qxg4+ fxg4 32. Rf1 Bc6+ 33. d5 1-0

[Event "27.Bayer.Senioren-EM2015"]
[Site ""]
[Date "2015.06.15"]
[Round "5.12"]
[White "Aigner, Georg"]
[Black "Strecker, Gerhard"]
[Result "1/2-1/2"]
[WhiteElo "1725"]
[BlackElo "1930"]
[PlyCount "120"]
[EventDate "2015.??.??"]
[WhiteTeam "SC Taufkirchen"]
[BlackTeam "SC Starnberg"]

1. e4 c5 2. Nf3 Nc6 3. Nc3 g6 4. Bc4 Bg7 5. O-O Nf6 6. e5 Ng8 7. Re1 Nh6 8. Ne4
O-O 9. Nxc5 d6 10. exd6 exd6 11. Nb3 d5 12. Bb5 Qb6 13. Bxc6 bxc6 14. d4 Bg4
15. h3 Bxf3 16. Qxf3 Nf5 17. c3 Rfe8 18. Bd2 Nd6 19. Rxe8+ Rxe8 20. Re1 Rxe1+
21. Bxe1 Nc4 22. Qe2 Qb8 23. g3 Bf8 24. Bd2 Qc8 25. Bf4 Qxh3 26. Qe8 Qe6 27.
Qxe6 fxe6 28. Bc1 Kf7 29. Kf1 Kf6 30. Ke2 g5 31. g4 Bd6 32. Nd2 Bf4 33. Nxc4
Bxc1 34. Na5 Bxb2 35. Kd3 Ba3 36. Nxc6 a6 37. Ne5 Bd6 38. Nd7+ Ke7 39. Nb6 Bc7
40. Na4 Kf6 41. Nc5 a5 42. c4 Ke7 43. Nb3 Kd6 44. c5+ Kc6 45. a4 e5 46. dxe5
Bxe5 47. Nxa5+ Kxc5 48. Nb7+ Kb6 49. Nd8 Bf6 50. Ne6 Ka5 51. Nc7 d4 52. Ne6
Kxa4 53. Nxd4 Kb4 54. Ne6 Be7 55. f3 Kb5 56. Ke4 Kc6 57. Kf5 h6 58. Ng7 Kd5 59.
Kg6 Ke5 60. Nh5 Kd4 1/2-1/2

[Event "27.Bayer.Senioren-EM2015"]
[Site ""]
[Date "2015.06.15"]
[Round "5.13"]
[White "Klimpel, Siegfried"]
[Black "Lehr, Thomas"]
[Result "1/2-1/2"]
[WhiteElo "1645"]
[BlackElo "1895"]
[PlyCount "65"]
[EventDate "2015.??.??"]
[WhiteTeam "TSV Kareth-Lappersdorf"]
[BlackTeam "Husumer SV"]

1. e4 Nf6 2. e5 Nd5 3. d4 d6 4. Nf3 dxe5 5. Nxe5 c6 6. c4 Nb4 7. a3 Qxd4 8.
Nxf7 Qe4+ 9. Be2 Nc2+ 10. Kf1 Nxa1 11. Bd3 Qg4 12. Be2 Qf5 13. Nxh8 e5 14. Bd3
e4 15. Qe2 Nb3 16. Bxe4 Qe6 17. Bd2 Nxd2+ 18. Nxd2 g6 19. Nf3 Be7 20. Ne5 Bf6
21. Nhf7 Kf8 22. f4 Nd7 23. Bc2 Nxe5 24. Nxe5 Bd7 25. Kf2 Re8 26. Re1 Re7 27.
b4 Bc8 28. Qd3 Kg8 29. Nf3 Qd7 30. Rxe7 Qxd3 31. Bxd3 Bxe7 32. Ne5 Kg7 33. Ke3
1/2-1/2

[Event "27.Bayer.Senioren-EM2015"]
[Site ""]
[Date "2015.06.15"]
[Round "5.14"]
[White "Perzl, Michael"]
[Black "Glueck, Josef"]
[Result "1/2-1/2"]
[WhiteElo "1713"]
[BlackElo "1891"]
[PlyCount "97"]
[EventDate "2015.??.??"]
[WhiteTeam "TSV Trostberg"]
[BlackTeam "SG Traunstein/Traunreut"]

1. d4 Nf6 2. c4 g6 3. Nc3 d5 4. Nf3 Bg7 5. e3 O-O 6. Bd3 c5 7. dxc5 dxc4 8.
Bxc4 Qxd1+ 9. Kxd1 Bg4 10. Ke2 Nc6 11. h3 Bxf3+ 12. gxf3 Rac8 13. Bd2 Ne5 14.
Bb3 Rxc5 15. Na4 Rc7 16. Rac1 Rfc8 17. Rxc7 Rxc7 18. f4 Ned7 19. Rc1 Rxc1 20.
Bxc1 e6 21. Nc3 a6 22. a4 Bf8 23. Bc2 Nb6 24. Kd3 Bb4 25. Na2 Be7 26. Bd2 Kf8
27. b4 Nbd5 28. b5 axb5 29. axb5 Nd7 30. Bb3 Nc5+ 31. Kc2 Nxb3 32. Kxb3 f5 33.
Kc4 Ke8 34. f3 Kd7 35. e4 Nf6 36. Kd4 Ne8 37. Ba5 Nd6 38. Nc3 Nc8 39. Na4 Bd6
40. Nc5+ Bxc5+ 41. Kxc5 h5 42. h4 fxe4 43. fxe4 Nd6 44. e5 Nf5 45. Be1 Kc7 46.
Bf2 b6+ 47. Kc4 Ne7 48. Be3 Nd5 49. Bd2 1/2-1/2

[Event "27.Bayer.Senioren-EM2015"]
[Site ""]
[Date "2015.06.15"]
[Round "5.15"]
[White "Riegler, Markus"]
[Black "Maugg, Ludwig"]
[Result "1/2-1/2"]
[WhiteElo "1609"]
[BlackElo "1881"]
[PlyCount "46"]
[EventDate "2015.??.??"]
[WhiteTeam "SK Mannheim-Lindenhof"]
[BlackTeam "SC Sonthofen"]

1. c4 c5 2. Nc3 Nc6 3. g3 g6 4. Bg2 Bg7 5. e3 e5 6. f4 exf4 7. gxf4 Qh4+ 8. Kf1
Qd8 9. Nge2 Nge7 10. Ng3 d6 11. Qe2 a6 12. b3 Rb8 13. Rb1 Be6 14. Bb2 O-O 15.
Nd5 b5 16. Bxg7 Kxg7 17. d3 f6 18. h4 bxc4 19. dxc4 Nf5 20. Nxf5+ Bxf5 21. Rd1
Qd7 22. Bf3 Rbe8 23. Qg2 Ne7 1/2-1/2

[Event "27.Bayer.Senioren-EM2015"]
[Site ""]
[Date "2015.06.15"]
[Round "5.16"]
[White "Kochseder, Georg"]
[Black "Wittkugel, Friedhelm"]
[Result "1/2-1/2"]
[WhiteElo "1871"]
[BlackElo "1768"]
[PlyCount "78"]
[EventDate "2015.??.??"]
[WhiteTeam "TV Hallstadt"]
[BlackTeam "SV Kamen"]

1. e4 e5 2. Nf3 Nc6 3. Bb5 a6 4. Ba4 Nf6 5. d3 b5 6. Bb3 Bc5 7. O-O h6 8. h3 d6
9. c3 O-O 10. Be3 Qe7 11. Nbd2 Na5 12. Bc2 Bxe3 13. fxe3 c5 14. Qe1 g5 15. Nh2
Ra7 16. g4 Be6 17. Qg3 Nh7 18. Rf2 Nc6 19. b3 a5 20. Nhf3 b4 21. c4 f6 22. Nh2
Qg7 23. Nhf1 Qg6 24. Qf3 Ne7 25. Ng3 Qe8 26. Raf1 Ng6 27. Nf5 Bxf5 28. exf5 Ne7
29. Rd1 Qc6 30. Qxc6 Nxc6 31. Ne4 Rd8 32. Rfd2 Kf8 33. Ng3 Kf7 34. Ne2 Nf8 35.
d4 exd4 36. exd4 Re8 37. dxc5 dxc5 38. Kf2 Rae7 39. Ng3 Nd4 1/2-1/2

[Event "27.Bayer.Senioren-EM2015"]
[Site ""]
[Date "2015.06.15"]
[Round "5.17"]
[White "Neubauer, Jaroslaus"]
[Black "Gerhards, Walter"]
[Result "0-1"]
[WhiteElo "1858"]
[BlackElo "1756"]
[PlyCount "92"]
[EventDate "2015.??.??"]
[WhiteTeam "SK Schweinfurt"]
[BlackTeam "Ratinger SK"]

1. e4 e5 2. Nf3 d6 3. Nc3 Nf6 4. d4 exd4 5. Nxd4 Be7 6. Be2 Bd7 7. O-O O-O 8.
Be3 Nc6 9. f4 Re8 10. Bf3 Bf8 11. Qd2 Bg4 12. Nxc6 bxc6 13. Rae1 Bxf3 14. gxf3
Nd7 15. Kh1 Qh4 16. Re2 Nb6 17. b3 Rad8 18. f5 d5 19. Bg5 Qh3 20. Qe1 f6 21.
Bd2 d4 22. Nd1 Nd7 23. Rg2 Bd6 24. Qe2 Ne5 25. f4 Nd7 26. Rg3 Qxf5 27. Nf2 Qb5
28. Nd3 Nc5 29. Qg2 Bf8 30. Rg1 Rd7 31. a4 Qb6 32. Qh3 Nxd3 33. cxd3 Qc5 34. f5
g6 35. Qh5 Rg7 36. Qh4 g5 37. Qh5 Qe7 38. Rh3 Qf7 39. Qe2 Qxb3 40. Rhg3 Qf7 41.
h4 h6 42. Qf3 Bd6 43. R3g2 Kf8 44. Rg4 Ke7 45. R4g2 Kd7 46. Rc1 Be5 0-1

[Event "27.Bayer.Senioren-EM2015"]
[Site ""]
[Date "2015.06.15"]
[Round "5.18"]
[White "Hein, Manfred"]
[Black "Braeu, Ludwig"]
[Result "1-0"]
[WhiteElo "1850"]
[BlackElo "1733"]
[PlyCount "65"]
[EventDate "2015.??.??"]
[WhiteTeam "FC Gunzenhausen"]
[BlackTeam "SK Marktoberdorf"]

1. e4 c5 2. Nf3 Nc6 3. d4 cxd4 4. Nxd4 g6 5. Nxc6 bxc6 6. Qd4 Nf6 7. e5 Nd5 8.
e6 f6 9. exd7+ Bxd7 10. Bc4 e5 11. Qd1 Be6 12. Bb3 Qe7 13. O-O Bg7 14. c3 O-O
15. Re1 Bf7 16. Na3 Rfd8 17. Qe2 a5 18. Bc4 Rd7 19. g3 Re8 20. Nc2 f5 21. Ne3
e4 22. Bxd5 Bxd5 23. Nxd5 Rxd5 24. Be3 Rb8 25. Rad1 Qb7 26. Bf4 Rbd8 27. Rxd5
Rxd5 28. Rd1 Kf7 29. Qc2 Be5 30. Rxd5 Bxf4 31. Rxa5 Bc7 32. Ra4 Be5 33. Qb3+
1-0

[Event "27.Bayer.Senioren-EM2015"]
[Site ""]
[Date "2015.06.15"]
[Round "5.19"]
[White "Korth, Manfred"]
[Black "Willin, Bernhard"]
[Result "1/2-1/2"]
[WhiteElo "1833"]
[BlackElo "1691"]
[PlyCount "85"]
[EventDate "2015.??.??"]
[WhiteTeam "SC Heideck-Hilpoltstein"]
[BlackTeam "SC Horben"]

1. Nf3 d5 2. d4 Nf6 3. Bf4 e6 4. e3 Bd6 5. Bg3 O-O 6. Bd3 c5 7. c3 Nc6 8. Nbd2
b6 9. Rc1 Bb7 10. Ne5 Ne8 11. Qh5 g6 12. Qh3 Nxe5 13. dxe5 Be7 14. O-O Ng7 15.
f4 f6 16. Nf3 f5 17. Bf2 a5 18. Rfd1 Qe8 19. Bh4 Rd8 20. Bb5 Qf7 21. Rd2 Ne8
22. g4 fxg4 23. Qxg4 Ng7 24. Rcd1 Nf5 25. Bf2 Qg7 26. h4 d4 27. cxd4 Bxf3 28.
Qxf3 cxd4 29. exd4 Bxh4 30. Bc4 Bxf2+ 31. Qxf2 Qe7 32. d5 exd5 33. Rxd5 Rxd5
34. Rxd5 Kg7 35. Qxb6 Qh4 36. Rd7+ Kh6 37. Qf2 Qg4+ 38. Qg2 Qxf4 39. Qh2+ Qxh2+
40. Kxh2 Re8 41. e6 Ng7 42. Rd6 Re7 43. Ra6 1/2-1/2

[Event "27.Bayer.Senioren-EM2015"]
[Site ""]
[Date "2015.06.15"]
[Round "5.20"]
[White "Pidtoptanyy, Igor"]
[Black "Kammel, Rudolf"]
[Result "1-0"]
[WhiteElo "1823"]
[BlackElo "1582"]
[PlyCount "53"]
[EventDate "2015.??.??"]
[WhiteTeam "SW Nürnberg Süd"]
[BlackTeam "SC Bavaria Regensb."]

1. e4 e6 2. d4 d5 3. exd5 exd5 4. Bd3 Bd6 5. Nf3 Ne7 6. O-O O-O 7. Nc3 c6 8.
Re1 Be6 9. Ne2 Bf5 10. Ng3 Bg6 11. Bg5 Na6 12. c3 f6 13. Be3 Bxd3 14. Qxd3 Ng6
15. Nf5 Qd7 16. g3 Rae8 17. h4 Re4 18. Nxd6 Qxd6 19. h5 Ne7 20. Nd2 Re6 21. Bf4
Qd7 22. Nf3 Re8 23. Rxe6 Qxe6 24. Re1 Qf7 25. Qe2 Qxh5 26. Qe6+ Qf7 27. Qd7 1-0

[Event "27.Bayer.Senioren-EM2015"]
[Site ""]
[Date "2015.06.15"]
[Round "5.21"]
[White "Schiessl, Werner"]
[Black "Duerr, Rainer"]
[Result "1/2-1/2"]
[WhiteElo "1388"]
[BlackElo "1816"]
[PlyCount "104"]
[EventDate "2015.??.??"]
[WhiteTeam "FVS ASP Hoyerswerda"]
[BlackTeam "SC Prien"]

1. e4 e6 2. Nf3 d5 3. e5 c5 4. d4 cxd4 5. Qxd4 Nc6 6. Qd2 Qc7 7. Qe3 Nge7 8.
Bd3 Ng6 9. Bb5 Bd7 10. Bxc6 Bxc6 11. O-O Bb5 12. Re1 Bc5 13. Qb3 Qc6 14. a4 Bc4
15. Qc3 a5 16. Qd2 O-O 17. b3 Ba6 18. Ba3 b6 19. Bxc5 Qxc5 20. Nc3 Rac8 21. Nb5
Bxb5 22. axb5 Qxb5 23. Re3 Qc5 24. Nd4 Qc7 25. Rae1 Qd7 26. Rg3 Ne7 27. Qh6 Ng6
28. Qd2 f6 29. f4 fxe5 30. fxe5 Rf7 31. Qd3 Ne7 32. Nb5 Nf5 33. Rh3 g6 34. g4
Ne7 35. Nd6 Rcf8 36. Nxf7 Rxf7 37. Rf3 Nc6 38. Rxf7 Qxf7 39. Rf1 Qe7 40. Qa6
Nxe5 41. Qc8+ Kg7 42. Rf4 g5 43. Ra4 Nf3+ 44. Kh1 Qf6 45. Qc7+ Kh6 46. Qxb6 Nh4
47. Kg1 Qf3 48. Qxe6+ Kg7 49. Qe5+ Kh6 50. Qd6+ Kg7 51. Qe7+ Kh6 52. Qe6+ Kg7
1/2-1/2

[Event "27.Bayer.Senioren-EM2015"]
[Site ""]
[Date "2015.06.15"]
[Round "5.22"]
[White "Isopp, Manfred"]
[Black "Lubberich, Alfred"]
[Result "1/2-1/2"]
[WhiteElo "1957"]
[BlackElo "1616"]
[PlyCount "48"]
[EventDate "2015.??.??"]
[WhiteTeam "SV Treffen"]
[BlackTeam "SG Nettetal"]

1. e4 c5 2. d4 cxd4 3. c3 d3 4. Bxd3 Nc6 5. Nf3 d6 6. h3 Nf6 7. O-O e6 8. Bf4
Be7 9. Qe2 O-O 10. Re1 e5 11. Be3 h6 12. Na3 Be6 13. c4 a6 14. Rac1 Qc7 15. Bb1
Rac8 16. Bd2 Rfd8 17. Nc2 Qb8 18. Ne3 b5 19. cxb5 Qxb5 20. Qxb5 axb5 21. Nd5
Kf8 22. Nb6 Rc7 23. Be3 Nd7 24. Nd5 Rcc8 1/2-1/2

[Event "27.Bayer.Senioren-EM2015"]
[Site ""]
[Date "2015.06.15"]
[Round "5.23"]
[White "Schoenfelder, Heinrich"]
[Black "Kalkmann, Hans"]
[Result "1/2-1/2"]
[WhiteElo "1643"]
[BlackElo "1859"]
[PlyCount "70"]
[EventDate "2015.??.??"]
[WhiteTeam "SC Tarrasch München"]
[BlackTeam "SC Springer St.Tönis"]

1. d4 d5 2. c4 c6 3. e3 Nf6 4. Nf3 e6 5. Nc3 Be7 6. Bd3 O-O 7. O-O Nbd7 8. cxd5
exd5 9. Re1 Re8 10. Qc2 g6 11. a3 Bf8 12. b4 a6 13. Bb2 Bg7 14. h3 Nf8 15. e4
Nxe4 16. Nxe4 dxe4 17. Bxe4 Be6 18. Rad1 Bd5 19. Bxd5 Qxd5 20. Rxe8 Rxe8 21.
Bc1 Ne6 22. Bb2 Rd8 23. Qc1 a5 24. Qd2 axb4 25. axb4 Ra8 26. Ra1 Ra2 27. Rxa2
Qxa2 28. Qc1 Qb3 29. Bc3 Bh6 30. Qe1 Bg7 31. g3 Qd5 32. Qe3 h5 33. h4 Kh7 34.
Ng5+ Nxg5 35. hxg5 Qd7 1/2-1/2

[Event "27.Bayer.Senioren-EM2015"]
[Site ""]
[Date "2015.06.15"]
[Round "5.24"]
[White "Malik, Heinz"]
[Black "Schroeter, Manfred"]
[Result "0-1"]
[WhiteElo "1609"]
[BlackElo "1855"]
[PlyCount "122"]
[EventDate "2015.??.??"]
[WhiteTeam "SK Großweil"]
[BlackTeam "SC Falke Saerbeck"]

1. d4 Nf6 2. Nf3 g6 3. g3 Bg7 4. Bg2 O-O 5. c4 c5 6. d5 d6 7. Nc3 Na6 8. O-O
Rb8 9. e4 Nc7 10. Rb1 b5 11. cxb5 Nxb5 12. Nxb5 Rxb5 13. Re1 Bd7 14. Bd2 e6 15.
Bc3 e5 16. Nd2 Bg4 17. f3 Bc8 18. Nc4 Nh5 19. Qe2 Rb8 20. Qd2 g5 21. b4 Ba6 22.
Na5 cxb4 23. Bxb4 Bb5 24. a3 h6 25. Rec1 Qb6+ 26. Qf2 Rfd8 27. Qxb6 Rxb6 28.
Rc7 a6 29. Rbc1 Bf8 30. Nc6 Bxc6 31. R7xc6 Rb7 32. Rxa6 Nf6 33. Rcc6 Ne8 34.
Bh3 Nc7 35. Rab6 Rxb6 36. Rxb6 Ra8 37. Bf1 Kg7 38. Rc6 Ra7 39. g4 Be7 40. Bc4
h5 41. h3 hxg4 42. hxg4 Kf8 43. Bxd6 Bxd6 44. Rxd6 Rxa3 45. Kf2 Ke7 46. Rb6 Ne8
47. Rb7+ Kf6 48. Kg3 Nd6 49. Rb6 Ke7 50. Be2 Nxe4+ 51. Kg2 Nd6 52. Rb1 Ra2 53.
Kf1 Rd2 54. Rd1 Nc4 55. Rxd2 Nxd2+ 56. Ke1 Nb1 57. Bd3 Nc3 58. Be4 Kd6 59. Kd2
Nxd5 60. Kd3 Kc5 61. Bh7 Nf6 0-1

[Event "27.Bayer.Senioren-EM2015"]
[Site ""]
[Date "2015.06.15"]
[Round "5.25"]
[White "Breuer, Herbert"]
[Black "Reimann, Guenther"]
[Result "0-1"]
[WhiteElo "1594"]
[BlackElo "1803"]
[PlyCount "118"]
[EventDate "2015.??.??"]
[WhiteTeam "SK Bad Aibling"]
[BlackTeam "SC Magstadt"]

1. Nf3 e6 2. g3 f5 3. d3 Nf6 4. Bg2 Be7 5. Nbd2 d6 6. e4 fxe4 7. dxe4 e5 8. Qe2
Nc6 9. c3 Be6 10. b3 a6 11. Bb2 Ng4 12. h3 Nh6 13. Qe3 Nf7 14. O-O-O b5 15. Kb1
Na5 16. Rhe1 Nb7 17. Nf1 Qc8 18. Ng1 a5 19. f4 b4 20. c4 a4 21. f5 Bd7 22. h4
Nc5 23. Nd2 Qa6 24. Kc2 Qb7 25. Ne2 Bxf5 26. Bf3 Be6 27. Nc1 axb3+ 28. axb3 O-O
29. Rh1 Nh6 30. Rdg1 Ng4 31. Qe2 h5 32. Bxg4 Bxg4 33. Qe3 Rf7 34. Re1 Raf8 35.
Rhf1 Rxf1 36. Nxf1 Rf3 37. Qg1 Nxe4 38. Nd3 c5 39. Qh1 Rxd3 40. Qxe4 Qxe4 41.
Rxe4 Rf3 42. Re1 Bf5+ 43. Kc1 g5 44. Ne3 Be6 45. Kd1 Rxg3 46. hxg5 Bxg5 47. Bc1
h4 48. Ke2 Bxe3 49. Bxe3 h3 50. Rh1 Bg4+ 51. Kd3 Bf3 52. Rh2 Bg2 53. Ke2 Kf7
54. Kf2 Rg6 55. Ke2 Ke6 56. Bf2 Kf5 57. Ke3 Kg4 58. Ke2 Rf6 59. Be1 Rf3 0-1

[Event "27.Bayer.Senioren-EM2015"]
[Site ""]
[Date "2015.06.15"]
[Round "5.26"]
[White "Abel, Hans-Peter"]
[Black "Kunte, Herbert"]
[Result "1-0"]
[WhiteElo "1795"]
[BlackElo "1594"]
[PlyCount "113"]
[EventDate "2015.??.??"]
[WhiteTeam "SC Leinfelden"]
[BlackTeam "SK Siemens München"]

1. c4 c5 2. Nf3 Nf6 3. Nc3 g6 4. g3 Bg7 5. Bg2 O-O 6. O-O Nc6 7. d4 cxd4 8.
Nxd4 a6 9. Nc2 d6 10. b3 Rb8 11. Bb2 Bd7 12. e4 b5 13. cxb5 axb5 14. Nd5 e5 15.
Qd2 Ne8 16. Rfd1 Be6 17. Ndb4 Qb6 18. Nxc6 Qxc6 19. Nb4 Qb7 20. Rac1 Bg4 21. f3
Be6 22. Nc6 Rc8 23. Nb4 Bf6 24. Bf1 Be7 25. Rxc8 Bxc8 26. Nd5 Bd8 27. Kg2 Bd7
28. Ba3 f5 29. Bb4 fxe4 30. fxe4 Bc6 31. Be2 Bb6 32. Bf3 Bd4 33. Bc3 Bb6 34.
Qd3 Bc5 35. Qc2 Qf7 36. Qe2 Ng7 37. Rf1 h5 38. Nb4 Bd7 39. Nd3 Bb6 40. Bb4 Qe6
41. Kh1 Qe7 42. Bg2 Ne6 43. Rxf8+ Qxf8 44. Nxe5 Nd4 45. Qd2 Be8 46. Nd3 Qf6 47.
Nf4 Bf7 48. Bc3 Kh7 49. Ne2 Qf2 50. Nxd4 Bxd4 51. Qxd4 Qxd4 52. Bxd4 Be8 53.
Bh3 Kg8 54. Be6+ Kf8 55. Kg2 Ke7 56. Bd5 Bd7 57. Kf3 1-0

[Event "27.Bayer.Senioren-EM2015"]
[Site ""]
[Date "2015.06.15"]
[Round "5.27"]
[White "Thieme, Wolfgang"]
[Black "Stephan, Hubert"]
[Result "1-0"]
[WhiteElo "1755"]
[BlackElo "1527"]
[PlyCount "47"]
[EventDate "2015.??.??"]
[WhiteTeam "SC Bayer Uerdingen"]
[BlackTeam "SC Prien"]

1. e4 d6 2. d4 Nf6 3. Nc3 g6 4. f4 Bg7 5. Nf3 e6 6. Bd3 Nc6 7. O-O O-O 8. a3 a6
9. e5 dxe5 10. dxe5 Nd5 11. Ne4 Nce7 12. c4 Nb6 13. Be3 Nf5 14. Bc5 Re8 15. Qe2
Bd7 16. Rad1 Bc6 17. Nf6+ Bxf6 18. Bxf5 Qc8 19. Bxg6 hxg6 20. exf6 Nd7 21. Be7
Bxf3 22. Rxf3 Rxe7 23. fxe7 Qe8 24. Rfd3 1-0

[Event "27.Bayer.Senioren-EM2015"]
[Site ""]
[Date "2015.06.15"]
[Round "5.28"]
[White "Klueber, Werner"]
[Black "Schiessl, Hanns"]
[Result "1-0"]
[WhiteElo "1740"]
[BlackElo "1423"]
[PlyCount "49"]
[EventDate "2015.??.??"]
[WhiteTeam "SC Prichsenstadt"]
[BlackTeam "FVS ASP Hoyerswerda"]

1. d4 Nf6 2. Nf3 g6 3. c4 Bg7 4. Nc3 c6 5. e4 d6 6. Be2 Nbd7 7. O-O O-O 8. Bg5
Ne8 9. Rc1 Nc7 10. Qc2 Ne6 11. Be3 c5 12. Rfd1 cxd4 13. Nxd4 a6 14. Nxe6 fxe6
15. b4 b6 16. Qb3 Bb7 17. c5 d5 18. exd5 exd5 19. Nxd5 e6 20. Nxb6 Bd5 21. Nxd5
exd5 22. Qxd5+ Rf7 23. c6 Rc8 24. cxd7 Rxc1 25. Bxc1 1-0

[Event "27.Bayer.Senioren-EM2015"]
[Site ""]
[Date "2015.06.15"]
[Round "5.29"]
[White "Graw, Rolf"]
[Black "Babichev, Vyacheslav"]
[Result "0-1"]
[WhiteElo "1563"]
[BlackElo "1683"]
[PlyCount "168"]
[EventDate "2015.??.??"]
[WhiteTeam "VfR-SC Koblenz"]
[BlackTeam "SW Nürnberg Süd"]

1. d4 e6 2. e3 b6 3. Bd3 Bb7 4. Nf3 Nf6 5. O-O Ne4 6. Nbd2 f5 7. Ne5 Nf6 8. c3
Be7 9. b4 O-O 10. a4 d6 11. Nef3 Ne4 12. Qc2 d5 13. Ne5 Nd7 14. f4 Nxe5 15.
fxe5 Bg5 16. Nxe4 fxe4 17. Rxf8+ Qxf8 18. Be2 c5 19. Bd2 cxb4 20. cxb4 Rc8 21.
Qd1 Be7 22. b5 Rc7 23. Rc1 Qc8 24. Rxc7 Qxc7 25. Qb3 Bc8 26. Qc3 Qxc3 27. Bxc3
Bd8 28. Bb4 Kf7 29. Kf2 Kg6 30. Kg3 Bg5 31. Bd2 Bd8 32. h4 h5 33. Kh3 Kh6 34.
g4 g5 35. hxg5+ Bxg5 36. gxh5 Bd7 37. Bg4 Be7 38. Be1 Bg5 39. Bf2 Kg7 40. Kg2
Kf7 41. Kf1 a6 42. Be2 axb5 43. Bxb5 Bxb5+ 44. axb5 Kg7 45. Ke2 Kh6 46. Be1
Kxh5 47. Bb4 Kg4 48. Bd6 Bd8 49. Kf2 Kh3 50. Ke2 Kg2 51. Bb8 Kg3 52. Bd6 Kg4
53. Kf2 Kg5 54. Kg3 Kf5 55. Kf2 Kg6 56. Kg3 Kh5 57. Kf2 Bh4+ 58. Ke2 Bd8 59.
Kf2 Kg6 60. Kg3 Kf7 61. Kg4 Ke8 62. Kh5 Kd7 63. Bf8 Ke8 64. Bd6 Kf7 65. Bb8 Be7
66. Bc7 Bb4 67. Bxb6 Ke8 68. Kg4 Bd2 69. Kf4 Kd7 70. Bc5 Kc7 71. Be7 Kb6 72.
Bh4 Kxb5 73. Bf2 Kc4 74. Kg5 Kd3 75. Kf6 Bxe3 76. Bh4 Kxd4 77. Kxe6 Bf4 78. Bf6
e3 79. Kf5 e2 80. e6+ Kd3 81. Bh4 Bd6 82. Be1 d4 83. Bf2 Kd2 84. Ke4 Kc2 0-1

[Event "27.Bayer.Senioren-EM2015"]
[Site ""]
[Date "2015.06.15"]
[Round "5.30"]
[White "Oser, Thor"]
[Black "Zerweck, Christoph"]
[Result "0-1"]
[WhiteElo "1638"]
[BlackElo "1779"]
[PlyCount "70"]
[EventDate "2015.??.??"]
[WhiteTeam "SK Jöhlingen"]
[BlackTeam "SV Herrenberg"]

1. e4 c5 2. g3 d5 3. Nc3 d4 4. Nce2 Nc6 5. d3 e5 6. h3 Bd6 7. Bg2 Nge7 8. g4
Ng6 9. Nf3 h5 10. gxh5 Rxh5 11. Ng3 Rh8 12. a3 Be6 13. Bd2 Qe7 14. Qe2 Qc7 15.
Nf5 f6 16. Nxd6+ Qxd6 17. b3 b5 18. a4 b4 19. O-O-O O-O-O 20. Rdg1 Nh4 21. Bf1
g5 22. Nh2 Qe7 23. f3 Rh7 24. Ng4 Rdh8 25. Be1 Nd8 26. Bg3 Nf7 27. Rh2 Rh5 28.
Rgh1 R8h7 29. Qf2 Nh8 30. Kb2 N8g6 31. Ka2 Nf8 32. Kb2 Rh8 33. Ka2 Nh7 34. Kb2
Qd7 35. Ka2 Qxa4+ 0-1

[Event "27.Bayer.Senioren-EM2015"]
[Site ""]
[Date "2015.06.15"]
[Round "5.31"]
[White "Schuster, Herbert"]
[Black "Reichwald, Klaus"]
[Result "1/2-1/2"]
[WhiteElo "1624"]
[BlackElo "1743"]
[PlyCount "22"]
[EventDate "2015.??.??"]
[WhiteTeam "SK Landshut"]
[BlackTeam "SC Lohhof"]

1. e4 d6 2. Nc3 Nf6 3. d4 g6 4. Nf3 Bg7 5. h3 O-O 6. Bd3 Nc6 7. a3 e5 8. d5 Ne7
9. Bg5 h6 10. Bxf6 Bxf6 11. Qd2 Bg7 1/2-1/2

[Event "27.Bayer.Senioren-EM2015"]
[Site ""]
[Date "2015.06.15"]
[Round "5.32"]
[White "Flockerzi, Armin"]
[Black "Zehfuss, Helmut"]
[Result "0-1"]
[WhiteElo "1605"]
[BlackElo "1716"]
[PlyCount "120"]
[EventDate "2015.??.??"]
[WhiteTeam "VfR-SC Koblenz"]
[BlackTeam "SG Traunstein/Traunreut"]

1. d4 Nf6 2. Nf3 g6 3. g3 Bg7 4. Bg2 d6 5. c3 O-O 6. O-O Nc6 7. Nbd2 a6 8. Qc2
Bd7 9. Re1 e5 10. e4 Rb8 11. d5 Ne7 12. Nb3 h6 13. c4 Ne8 14. Be3 f5 15. exf5
gxf5 16. Bh3 f4 17. Bxd7 Qxd7 18. Bd2 fxg3 19. hxg3 Rxf3 20. Kg2 Qf5 21. Qxf5
Rxf5 22. Rh1 Rf6 23. Bc3 Rg6 24. Rae1 Nf5 25. Rh5 Rg5 26. Rh3 Nf6 27. Nd2 Re8
28. f3 Kf7 29. g4 h5 30. Ne4 Nxe4 31. Rxe4 hxg4 32. fxg4 Rg6 33. Rf3 Bh6 34.
Rxf5+ Kg7 35. Kg3 Rf8 36. Rxf8 Kxf8 37. b4 Bf4+ 38. Kf3 Rh6 39. Be1 Rh3+ 40.
Ke2 Rh2+ 41. Kd3 Rxa2 42. Re2 Ra1 43. Ke4 Kf7 44. Bh4 Rc1 45. Kd3 Rg1 46. Bd8
Rg3+ 47. Kc2 c6 48. Bc7 Rxg4 49. dxc6 bxc6 50. Bxd6 Ke6 51. Bc7 Kf5 52. Kb3 e4
53. Bb6 Rg3+ 54. Ka4 Rc3 55. c5 Bc1 56. Rf2+ Kg4 57. Ra2 e3 58. b5 axb5+ 59.
Kb4 Rd3 60. Rg2+ Kf3 0-1